书目信息 |
| 题名: |
肿瘤表现遗传学
|
|
| 作者: | Junjiang Fu&Saber Imani | |
| 分册: | ||
| 出版信息: | SCIENCE PRESS BEIJING |
|
| 页数: | 364页 | |
| 开本: | 24cm | |
| 丛书名: | ||
| 单 册: | ||
| 中图分类: | Q3 | |
| 科图分类: | ||
| 主题词: | 遗传学 | |
| 电子资源: | ||
| ISBN: | 978-7-03-054376-9 | |
| 000 | 00550nam0 2200181 450 | |
| 001 | 202410081206990858 | |
| 005 | 20241010112238.48 | |
| 010 | @a978-7-03-054376-9@d¥198.00 | |
| 100 | @a20241008d km y0chiy0120 ea | |
| 101 | 0 | @achi |
| 200 | 1 | @a肿瘤表现遗传学@AZhong Liu Biao Xian Yi Chuan Xue@fJunjiang Fu&Saber Imani |
| 210 | @cSCIENCE PRESS BEIJING | |
| 215 | @a364页@d24cm | |
| 606 | 0 | @a遗传学 |
| 690 | @aQ3@v4 | |
| 701 | 0 | @aJunjiang Fu&Saber Imani |
| 801 | 0 | @aCN@b大连网信软件有限公司图书馆·11@c20241010 |
| 905 | @aZUCC@b6605971@dQ3@e110-1@f1 | |
| 肿瘤表现遗传学/Junjiang Fu&Saber Imani.-SCIENCE PRESS BEIJING |
| 364页;24cm |
| ISBN 978-7-03-054376-9:¥198.00 |
| ● |
| 相关链接 |
|
|
|
|
正题名:肿瘤表现遗传学
索取号:Q3/110-1
 
预约/预借
| 序号 | 登录号 | 条形码 | 馆藏地/架位号 | 状态 | 备注 |
| 1 | 6605971 | 266059711 | 密集书库-生命科学系/ [索取号:Q3/110-1] | 在馆 |